Charles W. Eliot Az amerikai egyetemek elnöke /

Elmentve itt :
Bibliográfiai részletek
Szerző: Eliot Charles William
Dokumentumtípus: Cikk
Megjelent: 1912
Sorozat:Magyar pedagógia : a Magyar Tudományos Akadémia Pedagógiai Bizottságának folyóirata 21
Kulcsszavak:Egyetem szervezete, Amerikai Egyesült Államok, Lapszemle
Online Access:http://misc.bibl.u-szeged.hu/8939
LEADER 00714nab a2200181 i 4500
001 misc8939
005 20191106143621.0
008 170607s1912 hu o 0|| hun d
022 |a 0025-0260 
040 |a SZTE Miscellanea Repozitórium  |b hun 
041 |a hun 
100 1 |a Eliot Charles William 
245 1 0 |a Charles W. Eliot  |h [elektronikus dokumentum] :  |b Az amerikai egyetemek elnöke /  |c  Eliot Charles William 
260 |c 1912 
300 |a 103-104 
490 0 |a Magyar pedagógia : a Magyar Tudományos Akadémia Pedagógiai Bizottságának folyóirata  |v 21 
695 |a Egyetem szervezete, Amerikai Egyesült Államok, Lapszemle 
856 4 0 |u http://misc.bibl.u-szeged.hu/8939/1/mp_1912_1745_103-104.pdf  |z Dokumentum-elérés